000 00532nam a22002057a 4500
005 20151120093028.0
008 151120b xxu||||| |||| 00| 0 eng d
020 _a9789339222055
_c399
040 _aLoreto College
041 _aEnglish
082 _a510
_bKAR
100 _aKar, Sourav
245 _aEngineering Mathematics-I
_cSourav Kar
260 _aNew Delhi
_bMc Graw Hill
_c2015
300 _axix,various pagings
_b22cm
650 _aMathematics
700 _4Auth
_aKarmakar, Subrata
850 _aLCLIB
942 _cBK
999 _c40185
_d90664